00321 a2200133 4500003000400000005001700004008004100021020001800062040000900080082002000089245004200109260002700151300000900178OSt20231103141154.0231103b |||||||| |||| 00| 0 eng d a9789382934868 coclc a894.8124bABD/T aCHINTE THULIKA /cMalayil Abdullakoya aKerala:bolive,c2019. a289p